Statistics for AK’s General Knowledge A-Z #25

Click here to take the quiz!

General Stats

  • This quiz has been taken 430 times
  • The average score is 18 of 26

Answer Stats

HintAnswer% Correct
B – if you go after Jaws, you’re gonna need a bigger ____Boat
93%
X – when female is XX, male is __XY
89%
K – war that started in June 1950 and never officially endedKorean War
88%
U – electromagnetic radiation that causes suntan and sunburnUltraviolet
88%
C – reformed the calendar to include leap years and was assassinated by about 60 men but was not born by C-sectionJulius Caesar
86%
A – the most frequently appearing conjunction in country namesAnd
81%
G – Coolio’s awarded hit “______’s Paradise”Gangsta
81%
R – to fall in large quantities, or what Adele set fire toRain
81%
I – Person of ______, an American science fiction crime drama TV seriesInterest
80%
W – Dorothy, ruby slippers, Yellow Brick RoadThe Wizard of Oz
78%
J – principal author of the U.S. Declaration of Independence, who died exactly 50 years later and was one of the two U.S. presidents who died that dayThomas Jefferson
77%
L – “Rosebud”, “The horror … the horror!” (famous ____ words)Last
76%
Y – first name of Gagarin who flew successfully in 1961 and less successfully in 1968Yuri
76%
P – city near the Orly airport, or the killer of AchillesParis
75%
T – EGOT winners have all four: Emmy, Grammy, Oscar and ___Tony
75%
H – a specific layer of soil or strata, or the line that appears to separate the Earth from the skyHorizon
69%
O – software system used primarily for email; the logo includes a blue envelopeOutlook
69%
V – diversity, or entertainment made up of many acts including musical performances, sketch comedy, magic and acrobaticsVariety
67%
Q – the national capital closest to the equatorQuito
65%
E – eleven in German, or Elrond in The HobbitElf
63%
M – “Joe Cool” with four Super Bowl titles, or “The Treasure State”Montana
58%
S – country that has over 220,000 islands (four times more than Canada)Sweden
56%
D – a professional ice hockey club based in Moscow, or a bicycle lighting componentDynamo
35%
F – to be attracted to, or the imaginationFancy
33%
N – Norwegian author Jo, known for his crime novels featuring Inspector Harry HoleNesbø
20%
Z – The Book Thief author MarkusZusak
11%

Score Distribution

Percentile by Number Answered

Percent of People with Each Score

Your Score History

You have not taken this quiz